Statistics for 5 Biggest Cities In Each US State On A Map

Click here to take the quiz!

General Stats

  • This quiz has been taken 240 times
  • The average score is 162 of 250

Answers on the Map

Answers color-coded by a green-red scale on the quiz's map according to % correct below.
 

Answer Stats

StateCity% Correct
WashingtonSeattle
96%
NevadaLas Vegas
95%
CaliforniaLos Angeles
95%
CaliforniaSan Francisco
95%
GeorgiaAtlanta
94%
TexasDallas
94%
TexasHouston
94%
New YorkNew York City
94%
PennsylvaniaPhiladelphia
94%
Maine | OregonPortland
94%
CaliforniaSan Diego
94%
TexasAustin
93%
MassachusettsBoston
93%
ColoradoDenver
93%
HawaiiHonolulu
93%
IndianaIndianapolis
93%
FloridaMiami
93%
TennesseeNashville
93%
LouisianaNew Orleans
93%
PennsylvaniaPittsburgh
93%
IdahoBoise
92%
IllinoisChicago
92%
Georgia | OhioColumbus
92%
MichiganDetroit
92%
MississippiJackson
92%
TennesseeMemphis
92%
MinnesotaMinneapolis
92%
OklahomaOklahoma City
92%
ArizonaPhoenix
92%
UtahSalt Lake City
92%
New MexicoAlbuquerque
91%
OhioCleveland
91%
FloridaJacksonville
91%
Kansas | MissouriKansas City
91%
NevadaReno
91%
TexasSan Antonio
91%
FloridaTampa
91%
AlaskaAnchorage
90%
AlaskaJuneau
90%
FloridaOrlando
90%
CaliforniaSan Jose
90%
MinnesotaSt. Paul
90%
OhioCincinnati
89%
WisconsinMilwaukee
89%
AlabamaMontgomery
89%
LouisianaBaton Rouge
88%
WyomingCheyenne
88%
Missouri | South CarolinaColumbia
88%
IowaDes Moines
88%
ArkansasLittle Rock
88%
KentuckyLouisville
88%
Rhode IslandProvidence
88%
VirginiaRichmond
88%
New MexicoSanta Fe
88%
MissouriSt. Louis
88%
North CarolinaWinston-Salem
88%
New YorkBuffalo
87%
South Carolina | West VirginiaCharleston
87%
North CarolinaCharlotte
87%
TexasFort Worth
87%
NebraskaLincoln
87%
Massachusetts | MissouriSpringfield
87%
MarylandBaltimore
86%
AlabamaBirmingham
86%
OregonSalem
86%
ConnecticutHartford
85%
NebraskaOmaha
85%
North CarolinaRaleigh
85%
ArizonaTucson
85%
OklahomaTulsa
85%
VirginiaVirginia Beach
85%
KansasWichita
85%
ColoradoColorado Springs
84%
GeorgiaAugusta
83%
North DakotaBismarck
83%
WisconsinMadison
83%
Minnesota | New YorkRochester
83%
WashingtonSpokane
83%
KansasTopeka
83%
MontanaBillings
82%
North DakotaFargo
82%
CaliforniaFresno
82%
Delaware | New JerseyNewark
82%
South DakotaSioux Falls
82%
Delaware | New HampshireDover
80%
AlaskaFairbanks
80%
AlabamaMobile
80%
MichiganGrand Rapids
79%
GeorgiaSavannah
79%
New HampshireConcord
78%
New JerseyJersey City
78%
OhioToledo
78%
WisconsinGreen Bay
77%
New YorkSyracuse
77%
Colorado | IllinoisAurora
76%
FloridaSt. Petersburg
76%
VermontBurlington
75%
TennesseeKnoxville
75%
New HampshireManchester
75%
NevadaNorth Las Vegas
75%
WashingtonTacoma
75%
MinnesotaDuluth
74%
IndianaFort Wayne
74%
KentuckyLexington
74%
OhioAkron
72%
OregonEugene
72%
North CarolinaGreensboro
72%
ConnecticutNew Haven
72%
UtahProvo
72%
NevadaHenderson
71%
ArizonaMesa
71%
DelawareWilmington
70%
New YorkYonkers
70%
ConnecticutBridgeport
69%
North CarolinaDurham
69%
PennsylvaniaErie
69%
HawaiiHilo
69%
AlabamaHuntsville
69%
LouisianaShreveport
69%
TennesseeChattanooga
67%
VirginiaNorfolk
67%
IowaSioux City
66%
MassachusettsWorcester
66%
MichiganAnn Arbor
64%
WyomingCasper
64%
MaineBangor
63%
IowaCedar Rapids
63%
LouisianaLafayette
63%
New MexicoLas Cruces
62%
VirginiaChesapeake
61%
ColoradoFort Collins
61%
IdahoIdaho Falls
61%
GeorgiaMacon
61%
MontanaMissoula
61%
ArizonaScottsdale
61%
IndianaSouth Bend
61%
WashingtonVancouver
61%
ArkansasFayetteville
60%
PennsylvaniaAllentown
59%
South DakotaRapid City
59%
MontanaBozeman
58%
IowaDavenport
58%
IowaIowa City
57%
MassachusettsCambridge
56%
ArizonaChandler
56%
AlabamaTuscaloosa
56%
MississippiGulfport
55%
VirginiaNewport News
55%
IllinoisRockford
55%
MississippiBiloxi
53%
ArkansasFort Smith
53%
IllinoisJoliet
53%
New JerseyElizabeth
52%
IndianaEvansville
52%
MontanaGreat Falls
52%
Nebraska | WashingtonBellevue
51%
North DakotaGrand Forks
51%
ConnecticutStamford
51%
KansasOverland Park
50%
New MexicoRoswell
50%
MontanaButte
49%
West VirginiaHuntington
48%
WisconsinKenosha
48%
WyomingLaramie
48%
IdahoNampa
48%
OklahomaNorman
48%
TennesseeClarksville
47%
IllinoisNaperville
47%
New HampshireNashua
47%
South CarolinaNorth Charleston
47%
UtahWest Valley City
47%
New JerseyPaterson
46%
MinnesotaBloomington
45%
OklahomaBroken Arrow
45%
IdahoMeridian
45%
MichiganWarren
45%
UtahWest Jordan
45%
KentuckyBowling Green
44%
HawaiiEast Honolulu
44%
North DakotaMinot
44%
KansasOlathe
44%
IdahoPocatello
44%
HawaiiPearl City
43%
Rhode IslandWarwick
42%
South DakotaAberdeen
41%
ColoradoLakewood
41%
New JerseyLakewood Township
41%
West VirginiaMorgantown
41%
WyomingGillette
40%
NebraskaGrand Island
40%
Rhode IslandPawtucket
40%
MichiganSterling Heights
40%
MissouriIndependence
39%
LouisianaLake Charles
39%
New MexicoRio Rancho
39%
VermontSouth Burlington
39%
NevadaSparks
39%
West VirginiaWheeling
39%
MassachusettsLowell
37%
North DakotaWest Fargo
37%
MarylandFrederick
36%
MaineLewiston
36%
UtahOrem
36%
WisconsinRacine
35%
Rhode IslandEast Providence
34%
OregonGresham
34%
MississippiHattiesburg
34%
KentuckyOwensboro
34%
VermontEssex
33%
ArkansasJonesboro
33%
MaineSouth Portland
33%
ConnecticutWaterbury
33%
Rhode IslandCranston
32%
OregonHillsboro
32%
NebraskaKearney
32%
WyomingRock Springs
31%
IndianaCarmel
29%
MarylandGaithersburg
29%
South CarolinaMount Pleasant
29%
West VirginiaParkersburg
29%
VermontRutland
29%
MississippiSouthaven
29%
ArkansasSpringdale
29%
MaineAuburn
26%
South DakotaBrookings
26%
KentuckyCovington
26%
OklahomaLawton
26%
South CarolinaRock Hill
26%
South DakotaWatertown
26%
MarylandRockville
23%
DelawareMiddletown
22%
MarylandBowie
21%
DelawareBear
18%
HawaiiWaipahu
18%
VermontColchester
16%
New HampshireDerry
14%
AlaskaBadger
13%
AlaskaKnik-Fairview
11%
PennsylvaniaReading City
5%

Score Distribution

Percentile by Number Answered

Percent of People with Each Score

Your Score History

You have not taken this quiz